Normal view MARC view
  • Alexander Kossiakoff

Entry Personal Name

Number of records used in: 1

001 - CONTROL NUMBER

  • control field: 25890

003 - CONTROL NUMBER IDENTIFIER

  • control field: NUST

005 - DATE AND TIME OF LATEST TRANSACTION

  • control field: 20191120110117.0

008 - FIXED-LENGTH DATA ELEMENTS

  • fixed length control field: 191120|| aca||aabn | a|a d

040 ## - CATALOGING SOURCE

  • Original cataloging agency: NUST
  • Transcribing agency: NUST

100 ## - HEADING--PERSONAL NAME

  • Personal name: Alexander Kossiakoff

670 ## - SOURCE DATA FOUND

  • Source citation: Work cat.: (NUST)368896: Alexander Kossiakoff, Systems Engineering Principles and Practice, c2006
© 2023 Central Library, National University of Sciences and Technology. All Rights Reserved.